| 000 | 01133nam a22003137a 4500 | ||
|---|---|---|---|
| 005 | 20140909075025.0 | ||
| 008 | 130903s2013 enkad rrn 00 0 eng | ||
| 020 | _a9781781004388 | ||
| 020 | _a9781781004395 | ||
| 040 |
_aCO-BoUCM _bspa _cJose A. Gerena (modificó) _d[Nuevo] |
||
| 041 | 0 | 0 | _aeng |
| 100 | 1 |
_aGooderham, Paul N. _944135 |
|
| 245 | 1 | 0 |
_aInternational Management _cPaul N. Gooderham, Brigitte Grogaard, Odd Nordhaug |
| 260 |
_aCheltenham _bEdward Elgar Publishing _c2013 |
||
| 300 |
_axx, 452 páginas _bilustraciones y gráficas |
||
| 504 | _aIncluye referencias bibliográficas e índices | ||
| 650 | 7 |
_aAdministración financiera _932732 |
|
| 650 | 7 |
_aComercio exterior _911201 |
|
| 650 | 7 |
_aEconomía internacional _926482 |
|
| 650 | 7 |
_aEmpresas internacionales _97560 |
|
| 650 | 7 |
_aInversiones extranjeras _917957 |
|
| 650 | 7 |
_aMercadeo internacional _919322 |
|
| 650 | 7 |
_aSistema monetario internacional _924557 |
|
| 690 | _aComercio | ||
| 700 | 1 |
_aGrogaard, Brigitte _944136 |
|
| 700 | 1 |
_aNordhaug, Odd _944137 |
|
| 942 |
_cLIBRO _a7 _e1 _mG649i _2DEWEY _h382.1 |
||
| 999 |
_c166659 _d166659 |
||